30 grootste steden van Nordrhein-Westfalen - Statistieken

Algemene statistieken
  • Deze quiz is 36 keer genomen
  • De gemiddelde score is 16 van 30
Antwoordstatistieken
Inwoners Antwoord % Correct
586.181 Dortmund
96%
1.060.582 Keulen
96%
612.178 Düsseldorf
91%
310.039 Münster
83%
318.809 Bonn
78%
260.368 Gelsenkirchen
78%
491.231 Duisburg
74%
582.624 Essen
74%
245.885 Aken
70%
364.742 Bochum
65%
259.996 Mönchengladbach
65%
350.046 Wuppertal
65%
333.090 Bielefeld
61%
163.487 Leverkusen
61%
210.934 Oberhausen
61%
148.126 Paderborn
57%
225.144 Krefeld
52%
117.143 Bottrop
43%
169.278 Mülheim
39%
189.044 Hagen
35%
179.397 Hamm
35%
155.414 Neuss
35%
114.330 Recklinghausen
30%
111.366 Bergisch Gladbach
26%
155.851 Herne
26%
104.529 Moers
26%
102.355 Siegen
26%
158.726 Solingen
22%
109.499 Remscheid
13%
100.248 Witten
9%
Geen overeenkomende quizzen gevonden
Scoreverdeling
Procent van Mensen met Elke Score
Percentiel versus Aantal Correcte Antwoorden
Uw Scoregeschiedenis
U heeft deze quiz nog niet genomen